| 000 | 00431nam a22001697a 4500 | ||
|---|---|---|---|
| 003 | OSt | ||
| 005 | 20250507150840.0 | ||
| 008 | 250429b |||||||| |||| 00| 0 eng d | ||
| 020 | _a9780826489036 | ||
| 040 | _cRDA | ||
| 100 |
_aWILKERSON,DALE., _eAUTHOR _9753360 |
||
| 245 |
_aNIETZSCHE AND THE GREEKS _cBy Dale Wilkerson |
||
| 260 |
_aLONDON _bCONTINUUM _c2006 |
||
| 300 | _aviii,162P | ||
| 650 | _2Greeks | ||
| 942 |
_2CC _cGB _n0 |
||
| 999 |
_c1309707 _d1309707 |
||